The advertisement book /

Bibliographic Details
Main Author: Skinner, Stanley
Format: Book
Language:English
Published: Evanston, Ill. : McDougal, Littell, 1976, cl975
Subjects:

MARC

Tag First Indicator Second Indicator Subfields
LEADER 00000cam a2200000 a 4500
001 in00000071751
005 20151008062357.0
008 770512c19761975ilua 00010 eng d
020 |a 0883433095 
035 |a (OCoLC)02957315 
035 |9 AAK0094AM 
040 |a BDC  |c BDC  |d OCL  |d TXA  |d UtOrBLW 
049 |a TXAM  |c [1271949] 
090 |a HF5814  |b .S7 1979 
100 1 |a Skinner, Stanley. 
245 1 4 |a The advertisement book /  |c Stanley Skinner. 
264 1 |a Evanston, Ill. :  |b McDougal, Littell,  |c 1976, cl975 
264 3 |c 1979 printing 
300 |a 153 pages :  |b illustrations ;  |c 23 cm. 
336 |a text  |b txt  |2 rdacontent 
337 |a unmediated  |b n  |2 rdamedia 
338 |a volume  |b nc  |2 rdacarrier 
650 0 |a Advertising. 
650 0 |a Advertising  |x Problems, exercises, etc. 
999 |a MARS 
999 f f |s 3ad237b0-b88b-3fcd-8f66-823576a4b9fd  |i b5aa77bd-027a-33b8-9cc1-3e2a3933dc64  |t 0 
952 f f |p ric  |a Texas A&M University  |b Rellis Campus  |c Joint Library Facility  |d Remote Storage  |t 0  |e HF5814 .S7 1979  |h Library of Congress classification  |i unmediated -- volume  |m A14806136628 
998 f f |a HF5814 .S7 1979  |t 0  |l Remote Storage